| 000 | 01350nam a2200337 i 4500 | ||
|---|---|---|---|
| 005 | 20220317001352.0 | ||
| 007 | ta | ||
| 008 | 230719s20082017ag a br 000 0dspa d | ||
| 020 | _a9789871217168 | ||
| 040 |
_aCO-BoRNBP _bspa _erda _cCO-BoRNBP |
||
| 043 | _as-ck--- | ||
| 082 | 0 | 4 |
_a372.9 _bB17e _223 |
| 100 | 1 |
_aBaredes, Carla _d1964- _eautora |
|
| 245 | 1 | 3 |
_aLa escuela no fue siempre así _ctextos Carla Baredes ; investigación Pablo Pineau ; ilustraciones de Javier Basile |
| 250 |
_aPrimera edición _bCuarta reimpresión |
||
| 264 | 1 |
_aBuenos Aires _bIamiqué _c2008 _c2017 |
|
| 300 |
_a36 páginas _bilustraciones _c30 cm |
||
| 336 |
_atexto _btxt _2rdacontent |
||
| 337 |
_asin mediación _bn _2rdamedia |
||
| 338 |
_avolumen _bnc _2rdacarrier |
||
| 490 | _aLas cosas no fueron siempre así | ||
| 521 | _aRecomendado para un público infantil mayor de 9 años | ||
| 545 | _aIncluye datos biográficos de los autores | ||
| 650 | 1 | 7 |
_aEducación primaria _xHistoria _xLiteratura infantil _2LEMB |
| 650 | 1 | 7 |
_aMétodos de enseñanza _xHistoria _xLiteratura infantil _2LEMB |
| 650 | 1 | 7 |
_aPedagogía _xHistoria _xLiteratura infantil _2LEMB |
| 650 | 1 | 7 |
_aEducación de niños _xHistoria _xLiteratura infantil _2LEMB |
| 700 | 1 |
_aPineau, Pablo _d1966- _einvestigador _971574 |
|
| 700 | 1 |
_aBasile, Javier _d1969- _eilustrador _9177217 |
|
| 942 |
_2ddc _cBKINF |
||
| 999 |
_c6759 _d6759 |
||